| 000 | 01615cad a22002295a 4500 | ||
|---|---|---|---|
| 001 | L156165 | ||
| 008 | 120502s2012 xxk 000 0 eng d | ||
| 035 | _a(Sirsi) u156165 | ||
| 041 | 0 | _aeng | |
| 110 | 2 |
_aKnight Frank _91530 |
|
| 245 | 0 | 0 |
_aHong Kong monthly _breview and commentary on Hong Kong's property market _h[electronic resource] |
| 260 |
_a[S.l.] _bKnight Frank _c2012 |
||
| 490 | 0 |
_aKnight Frank Hong Kong Monthly _vApril 2012 |
|
| 520 | _aGrade A office market remained the weakest Hong Kong property sector in March but the Grade A office leasing market saw signs of further correction with large-scale transactions remaining scarce. The retail sector combined to outperform on the back of strong retailer demand. The residential market posted further rebounds during the traditional peak season. | ||
| 520 | _aMarket in brief - Prime office: selected office sales and leasing transactions; month-on-month movement of Grade A office rents; prime office market indicators - Residential: selected residential sales and leasing transactions; month-on-month movement of luxury residential rents; luxury residential market indicators - Retail: selected retail sales and leasing transactions; month-on-month movement of prime street shop rents; retail sales by type of retail outlet. | ||
| 590 | _aKA | ||
| 651 | 4 | _aHong Kong | |
| 690 |
_aCommercial property _96227 |
||
| 690 |
_aResidential property _96266 |
||
| 856 | 4 | 0 |
_uhttps://my.knightfrank.com/research/?regionid=5 _zView the report (click on Asia Pacific and Commercial in the Refine box then click on title) at my.knightfrank.com |
| 942 | _n0 | ||
| 999 |
_c83959 _d83959 |
||